| 000 | 00540nam a2200181Ia 4500 | ||
|---|---|---|---|
| 999 |
_c29189 _d29189 |
||
| 003 | OSt | ||
| 005 | 20201127124504.0 | ||
| 008 | 190216s9999||||xx |||||||||||||| ||und|| | ||
| 020 | _a97881826436574 | ||
| 040 | _coclc | ||
| 082 |
_a894.8123 _bBHE/M |
||
| 100 |
_aBhende, Asha A _91688 |
||
| 245 | 0 |
_aMakkale Kandum Maampookkale Kandum / _cAsha A Bhende |
|
| 260 |
_bMathrubhumi Printing & publishing, _aKozhikode: _c2007. |
||
| 300 | _a68p | ||
| 650 | _aNovel | ||
| 942 |
_cBK _2ddc _h894.8123 _iBHE/M _k894.8123 _mBHE/M |
||